Statistics for Island Countries A-Z

Click here to take the quiz!

General Stats

  • This quiz has been taken 115 times
  • The average score is 17 of 19

Answer Stats

AlphabetCountry% Correct
CCape Verde | Comoros | Cuba | Cyprus
97%
MMadagascar | Maldives | Malta | Marshall Islands | Mauritius
97%
TTaiwan | Tonga | Trinidad and Tobago | Tuvalu
96%
BBahamas | Bahrain | Barbados | Brunei
94%
IIceland | Indonesia | Ireland
94%
JJamaica | Japan
93%
SSt. Kitts and Nevis | St. Lucia | St. Vincent and the Grenadines | Samoa | +5
93%
PPalau | Papua New Guinea | Philippines
92%
AAntigua and Barbuda
90%
NNauru | New Zealand
90%
HHaiti
89%
KKiribati
88%
VVanuatu
86%
FFiji
84%
DDominica | Dominican Republic
83%
GGrenada
80%
UUnited Kingdom
79%
EEast Timor
67%
FFederated States of Micronesia
61%

Score Distribution

Percentile by Number Answered

Percent of People with Each Score

Your Score History

You have not taken this quiz